Kam se ubírá světové výstavnictví?
Dominantné postavenie Nemecka vo svetovom výstavníctve. Ktoré odbory budú v budúcnosti v kurze. Súčasné trendy vo veľtržnom priemysle. Problémy nemeckého veľtržného priemyslu. Stratégia internacionalizácie.
Enregistré dans:
| Auteur principal: | |
|---|---|
| Format: | Chapitre de livre |
| Langue: | tchèque |
| Sujets: | |
| Tags: |
Pas de tags, Soyez le premier à ajouter un tag!
|
MARC
| LEADER | 00000naa$a2200000$$$4500 | ||
|---|---|---|---|
| 001 | 0051944 | ||
| 005 | 20231016105211.1 | ||
| 041 | 0 | |a cze | |
| 044 | |a CZ | ||
| 245 | 1 | 0 | |a Kam se ubírá světové výstavnictví? |c Lucie Zumrová |
| 520 | |a Dominantné postavenie Nemecka vo svetovom výstavníctve. Ktoré odbory budú v budúcnosti v kurze. Súčasné trendy vo veľtržnom priemysle. Problémy nemeckého veľtržného priemyslu. Stratégia internacionalizácie. | ||
| 610 | 2 | 0 | |a výstavy |
| 610 | 2 | 0 | |a veľtrhy |
| 610 | 2 | 0 | |a komunikácia masová |
| 610 | 2 | 0 | |a propagácia |
| 610 | 2 | 0 | |a odvetvia činnosti ekonomickej |
| 610 | 2 | 0 | |a odvetvia priemyselné |
| 610 | 2 | 0 | |a marketing |
| 610 | 2 | 0 | |a internacionalizácia |
| 610 | 2 | 0 | |a firmy |
| 100 | 1 | |a Zumrová, Lucie | |